Death in Heaven Speech (Doctor Who) - Statistics

General Stats
  • This quiz has been taken 23 times
  • The average score is 59 of 75
Answer Stats
Answer % Correct
a
100%
a
100%
a
100%
a
100%
a
100%
a
100%
a
100%
am
100%
am
100%
am
100%
am?
100%
am
100%
I
100%
I
100%
I
100%
I
100%
I
100%
I
100%
I
100%
no,
100%
not
100%
not
100%
not
100%
not
100%
not
100%
not
100%
an
86%
an
86%
an
86%
an
86%
Do
86%
good
86%
idiot,
86%
man.
86%
man.
86%
what
86%
you
86%
And
79%
And
79%
and
79%
bad
79%
definitely
79%
hero.
79%
I'm
79%
I'm
79%
know
79%
box
71%
Just
71%
screwdriver.
71%
with
71%
don't
64%
I've
64%
army.
57%
got
57%
is
57%
it's
57%
love,
57%
Love
57%
need
57%
never
57%
officer.
57%
president.
57%
them.
57%
them.
57%
Always
50%
because
50%
Because
50%
emotion.
50%
have,
50%
helping
50%
out,
50%
passing
50%
promise.
50%
through,
50%
learning.
43%
No matching quizzes found
Score Distribution
Percent of People with Each Score
Percentile by Number Answered
Your Score History
You have not taken this quiz